UITU Library & LRC     

WCDMA for UMTS: raidio access for third generation mobile communications (Record no. 9510)

MARC details
000 -LEADER
fixed length control field 00517nam a2200181Ia 4500
008 - FIXED-LENGTH DATA ELEMENTS--GENERAL INFORMATION
fixed length control field 240925s9999 xx 000 0 und d
020 ## - INTERNATIONAL STANDARD BOOK NUMBER
International Standard Book Number 9780470870969
082 ## - DEWEY DECIMAL CLASSIFICATION NUMBER
Classification number 621.38456 HOL
100 ## - MAIN ENTRY--PERSONAL NAME
Personal name Not - Available
245 #0 - TITLE STATEMENT
Title WCDMA for UMTS: raidio access for third generation mobile communications
250 ## - EDITION STATEMENT
Edition statement 3rd
260 ## - PUBLICATION, DISTRIBUTION, ETC.
Place of publication, distribution, etc. New York:
Name of publisher, distributor, etc. John Wiley & Sons
Date of publication, distribution, etc. ,2006.
300 ## - PHYSICAL DESCRIPTION
Extent xxvi,570p.
Other physical details NA
Type of unit Original
500 ## - GENERAL NOTE
General note Includes Index
600 ## - SUBJECT ADDED ENTRY--PERSONAL NAME
Personal name Electronic Engineering
650 ## - SUBJECT ADDED ENTRY--TOPICAL TERM
Topical term or geographic name entry element Technology
942 ## - ADDED ENTRY ELEMENTS (KOHA)
Koha item type Books
Holdings
Withdrawn status Lost status Damaged status Not for loan Collection Home library Current library Date acquired Source of acquisition Cost, normal purchase price Total checkouts Full call number Barcode Date last seen Price effective from Koha item type
        Electrical Engineering UITU Library UITU Library 04/16/2007 Amazon.com 2736.00   621.38456 HOL Q7011 09/25/2024 09/25/2024 Books

Powered by Koha